| 000 | nam a22 7a 4500 | ||
|---|---|---|---|
| 999 |
_c331334 _d331334 |
||
| 003 | NUST | ||
| 005 | 20170925121217.0 | ||
| 008 | 170925b xxu||||| |||| 00| 0 eng d | ||
| 040 | _cNUST | ||
| 082 | _a330 | ||
| 100 |
_aKardar,Iman, Ali,Maryam & Ali,Muhammad Shahbaz _94960 |
||
| 245 | _aInterplay of lifestyle and values on consumer buying behavior | ||
| 260 |
_aIslamabad _c2014 |
||
| 300 | _a55p | ||
| 942 |
_2ddc _cTH |
||